[Event "Bad Wildungen Seniors op 3rd"]
[Site "Bad Wildungen"]
[Date "2006.08.07"]
[Round "8"]
[White "Hesse, Volker"]
[Black "Van Houten, Henk"]
[Result "0-1"]
[WhiteElo "1758"]
[BlackElo "1649"]
[PlyCount "98"]
[EventDate "2006.07.31"]
[EventType "swiss"]
[EventRounds "9"]
[EventCountry "GER"]
[SourceTitle "EXT 2007"]
[Source "ChessBase"]
[SourceDate "2006.11.23"]
[SourceVersion "1"]
[SourceVersionDate "2006.11.23"]
[SourceQuality "1"]

1. d4 e6 2. c4 d5 3. Nf3 Nf6 4. Bg5 Be7 5. Nc3 Nbd7 6. e3 c6 7. Bd3 0-0 8. 0-0 Re8 9. Rc1 dxc4 10. Bxc4 Nd5 11. Bxe7 Rxe7 12. e4 N5b6 13. Bb3 Nf8 14. Qe2 Ng6 15. Rfd1 Qe8 16. e5 Nf4 17. Qe4 Nfd5 18. Ng5 f5 19. Qh4 g6 20. Rd3 Qf8 21. Rh3 Qg7 22. Ne2 Bd7 23. Rd1 Rf8 24. Rdd3 Be8 25. Nf4 Nxf4 26. Qxf4 Nd5 27. Qh4 h5 28. f4 Bd7 29. Qf2 Qh6 30. Bd1 Rg7 31. Rh4 Nc7 32. Rdh3 Be8 33. Qd2 Re7 34. Re3 Kh8 35. Qb4 Nd5 36. Qd6 Rg8 37. Bb3 Rd7 38. Qxe6 Qg7 39. Bxd5 Rxd5 40. Rd3 Rf8 41. Qc8 Qe7 42. Qb8 Qb4 43. Nf3 Qxb2 44. Rd1 Qb6 45. Qc8 c5 46. e6 Rg8 47. Ne5 Rd8 48. Nxg6+ Bxg6 49. Qxd8 Rxd8 0-1

[Event "Bad Wildungen Seniors op 3rd"]
[Site "Bad Wildungen"]
[Date "2006.08.??"]
[Round "6"]
[White "Hesse, Volker"]
[Black "Gehrmann, Dorit"]
[Result "1/2-1/2"]
[WhiteElo "1758"]
[BlackElo "1867"]
[PlyCount "33"]
[EventDate "2006.07.31"]
[EventType "swiss"]
[EventRounds "9"]
[EventCountry "GER"]
[SourceTitle "EXT 2007"]
[Source "ChessBase"]
[SourceDate "2006.11.23"]
[SourceVersion "1"]
[SourceVersionDate "2006.11.23"]
[SourceQuality "1"]

1. d4 Nf6 2. c4 e6 3. Nf3 b6 4. Bg5 Bb7 5. e3 Be7 6. Bd3 h6 7. Bxf6 Bxf6 8. Nc3 d6 9. 0-0 Nd7 10. Qe2 0-0 11. Rfd1 Qe7 12. Rd2 c5 13. Be4 cxd4 14. exd4 Bxe4 15. Nxe4 d5 16. cxd5 exd5 17. Nxf6+ 1/2-1/2

[Event "Cuxhaven Seniors op 1st"]
[Site "Cuxhaven"]
[Date "2006.03.23"]
[Round "8"]
[White "Hesse, Volker"]
[Black "Felser, Franz"]
[Result "1/2-1/2"]
[WhiteElo "1759"]
[BlackElo "1945"]
[PlyCount "52"]
[EventDate "2006.03.16"]
[EventType "swiss"]
[EventRounds "9"]
[EventCountry "GER"]
[SourceTitle "EXT 2007"]
[Source "ChessBase"]
[SourceDate "2006.11.23"]
[SourceVersion "1"]
[SourceVersionDate "2006.11.23"]
[SourceQuality "1"]

1. d4 d5 2. c4 c6 3. Nc3 Nf6 4. Nf3 dxc4 5. e3 Bf5 6. Bxc4 e6 7. 0-0 Nbd7 8. Bd3 Bxd3 9. Qxd3 Be7 10. Bd2 0-0 11. Rac1 Bd6 12. e4 e5 13. d5 Qe7 14. Bg5 Nb6 15. dxc6 bxc6 16. Rfd1 Rfd8 17. Qe2 Qe6 18. Bxf6 Qxf6 19. Nd2 Bc5 20. Nb3 Bd4 21. Rd2 h6 22. Rdc2 Rd7 23. Nd1 Rc8 24. Ne3 Bxe3 25. Qxe3 Rcd8 26. Qe2 Rd6 1/2-1/2

[Event "Cuxhaven Seniors op 1st"]
[Site "Cuxhaven"]
[Date "2006.03.17"]
[Round "2"]
[White "Hesse, Volker"]
[Black "Hajenius, Willem"]
[Result "1/2-1/2"]
[WhiteElo "1759"]
[BlackElo "1913"]
[PlyCount "56"]
[EventDate "2006.03.16"]
[EventType "swiss"]
[EventRounds "9"]
[EventCountry "GER"]
[SourceTitle "EXT 2007"]
[Source "ChessBase"]
[SourceDate "2006.11.23"]
[SourceVersion "1"]
[SourceVersionDate "2006.11.23"]
[SourceQuality "1"]

1. d4 Nf6 2. c4 g6 3. Nc3 Bg7 4. e4 d6 5. f3 a6 6. Be3 c6 7. Bd3 b5 8. Rc1 e5 9. d5 bxc4 10. Bxc4 c5 11. Nge2 Nbd7 12. Na4 Rb8 13. 0-0 0-0 14. Qd3 Nb6 15. Nxb6 Qxb6 16. b3 a5 17. Nc3 Bd7 18. a4 Nh5 19. Bb5 Qc7 20. Bd2 Nf4 21. Qc4 Bc8 22. Nb1 f5 23. Rf2 g5 24. Nc3 Kh8 25. Kh1 g4 26. Ne2 Nxe2 27. Qxe2 gxf3 28. gxf3 Bd7 1/2-1/2

[Event "GER Seniors Derby 03rd"]
[Site "Undeloh"]
[Date "2004.04.16"]
[Round "3"]
[White "Hesse, Volker"]
[Black "Schuster, Rudolf"]
[Result "1/2-1/2"]
[WhiteElo "1673"]
[BlackElo "1665"]
[PlyCount "82"]
[EventDate "2004.04.15"]
[EventType "swiss"]
[EventRounds "7"]
[EventCountry "GER"]
[SourceTitle "EXT 2006"]
[Source "ChessBase"]
[SourceDate "2005.11.24"]
[SourceVersion "1"]
[SourceVersionDate "2005.11.24"]
[SourceQuality "1"]

1. d4 d5 2. c4 e6 3. Nf3 Nf6 4. Nc3 c6 5. Bg5 Nbd7 6. e3 Qa5 7. Bxf6 Nxf6 8. Qc2 Bb4 9. Nd2 dxc4 10. Bxc4 Nd5 11. Rc1 0-0 12. 0-0 f5 13. Rfd1 Kh8 14. Nf3 Bd6 15. a3 Qd8 16. Ba2 Qf6 17. Na4 e5 18. dxe5 Bxe5 19. Nxe5 Qxe5 20. Nc5 Re8 21. Rd2 b6 22. Nd3 Qe4 23. Qxc6 Be6 24. Qc4 Rac8 25. Qd4 Qxd4 26. exd4 Nf4 27. Bxe6 Rxc1+ 28. Nxc1 Rxe6 29. Kf1 Rc6 30. Nb3 Rd6 31. g3 Ne6 32. f3 Kg8 33. Kf2 Kf7 34. Ke3 Kf6 35. Rc2 g5 36. f4 h6 37. Rc8 Ng7 38. Ra8 Re6+ 39. Kd3 Re7 40. d5 gxf4 41. gxf4 Nh5 1/2-1/2